Ficing international operations (Record no. 1242503)

MARC details
000 -LEADER
fixed length control field 00508nam a2200181Ia 4500
005 - DATE AND TIME OF LATEST TRANSACTION
control field 20250317121326.0
008 - FIXED-LENGTH DATA ELEMENTS--GENERAL INFORMATION
fixed length control field 008 250317s9999 xx 000 0 eng d
040 ## - CATALOGING SOURCE
Original cataloging agency FMSL
Language of cataloging eng
Transcribing agency FMSL
041 ## - LANGUAGE CODE
Language code of text/sound track or separate title eng
Source of code eng
084 ## - COLON CLASSIFICATION NUMBER
Classification number X:56 K5
Assigning agency FMSL
100 ## - MAIN ENTRY--PERSONAL NAME
Personal name Falcon W D
9 (RLIN) 737235
245 #0 - TITLE STATEMENT
Title Ficing international operations
260 ## - PUBLICATION, DISTRIBUTION, ETC.
Place of publication, distribution, etc. NY
Name of publisher, distributor, etc. NY, American Management Association
Date of publication, distribution, etc. 1965
300 ## - PHYSICAL DESCRIPTION
Extent 192p
942 ## - ADDED ENTRY ELEMENTS (KOHA)
Koha item type Textbook
Classification part X:56 K5

No items available.

Copyright @ Delhi University Library System